Estadísticas para Nombra una provincia argentina válida

Haz click aquí para intentar la prueba.

Estadísticas generales

  • Esta prueba ha sido intentada 890 veces
  • La puntuación promedio es 13 de 15

Estadísticas de respuestas

Nombra una provincia...Respuestas posibles% Correcto
con acceso al mar.Buenos Aires | Río Negro | Chubut | Santa Cruz | Tierra del Fuego, Antártida e Islas del Atlántico Sur
97%
con una ciudad de una población de 1.000.000 o más.Córdoba | Santa Fe
96%
sin frontera internacional ni litoral del mar.Córdoba | La Pampa | San Luis | Santa Fe | Santiago del Estero | Tucumán
95%
que limita con Brasil.Corrientes | Misiones
94%
que se atraviesa el Paraná.Misiones | Corrientes | Chaco | Santa Fe | Entre Ríos | Buenos Aires
94%
que produce más de 15% del vino argentino.Mendoza | San Juan
92%
que comparte su nombre con el nombre de su capital.Córdoba | Corrientes | Formosa | La Rioja | Mendoza | Neuquén | Salta | San Juan | San Luis | Santa Fe | Santiago del Estero
90%
con una población menos de 500.000.Catamarca | La Rioja | La Pampa | Santa Cruz | Tierra del Fuego, Antártida e Islas del Atlántico Sur
88%
con una superficie más de 200.000 kilómetros cuadrados.Buenos Aires | Santa Cruz | Chubut | Río Negro
87%
con un pico de 6.000 metros o más.Mendoza | Catamarca | La Rioja | San Juan | Salta
86%
que alberga uno de los cinco grandes.Buenos Aires
80%
donde nació un presidente justicialista (excepto Buenos Aires).Santa Cruz | San Luis | La Rioja
80%
que se atraviesa el trópico de Capricornio.Jujuy | Salta | Formosa
78%
del Cuyo (desde 2012).Mendoza | San Juan | San Luis
77%
con una declaración de autonomía antes de 1815.Corrientes | Entre Ríos
63%

Distribución de puntuación

Porcentaje por número respondido

Porcentaje de gente con cada puntuación

Historial de tus puntuaciones

No has intentado esta prueba.